000 00677nam a2200205Ii 4500
003 JO-AjNU
008 230605s9999||||xx |||||||||||||| ||und||
040 _aJO-AjNU
_bara
_erda
_cJO-AjNU
041 _aara
050 1 4 _aBF1071.1993
100 3 _aليون، جوزيت ، سرية، هيثم ، النيحاوي،عمر ترجمة,
_eauthor
_938996
245 0 0 _aمائة نصيحة ونصيحة للنوم
250 _aط1
264 3 1 _aدمشق-القاهرة:دار الكتاب العربي ، 1993
300 _a280ص
336 _atext
_btxt
_2rdacontent
337 _aunmediated
_bn
_2rdamedia
338 _avolume
_bnc
_2rdacarrier
650 4 _aالنوم
_938997
999 _aA16432
_c20000
_d20000